Моделирование термостимулированного газовыделения водорода из TI, ZR, PD, NI; Известия Российской академии наук. Серия физическая; Т. 86, № 5
| Parent link: | Известия Российской академии наук. Серия физическая=Bulletin of the Russian Academy of Sciences Т. 86, № 5.— 2022.— [С. 644-649] |
|---|---|
| Співавтор: | |
| Інші автори: | , , , , |
| Резюме: | Заглавие с экрана Экспериментально исследован термостимулированный выход водорода в режиме линейного нагрева (1°C/с) из плоскопараллельных пластинок металлов Ti, Zr, Ni и Pd различной толщины (0.05–1 мм) предварительно насыщенных водородом электролитическим методом. Рассмотрены аналитические и численные модели нестационарных процессов диффузионного выхода водорода из образцов с учетом диффузионных и десорбционных процессов. Предложены, разработаны и освоены программы для численного моделирования процессов термогазовыделения. Режим доступа: по договору с организацией-держателем ресурса |
| Мова: | Російська |
| Опубліковано: |
2022
|
| Предмети: | |
| Онлайн доступ: | https://sciencejournals.ru/view-article/?j=izvfiz&y=2022&v=86&n=5&a=IzvFiz2205011Khunzhu |
| Формат: | MixedMaterials Електронний ресурс Частина з книги |
| KOHA link: | https://koha.lib.tpu.ru/cgi-bin/koha/opac-detail.pl?biblionumber=668109 |
MARC
| LEADER | 00000naa0a2200000 4500 | ||
|---|---|---|---|
| 001 | 668109 | ||
| 005 | 20250324110631.0 | ||
| 035 | |a (RuTPU)RU\TPU\network\39333 | ||
| 035 | |a RU\TPU\network\38119 | ||
| 090 | |a 668109 | ||
| 100 | |a 20220621d2022 k||y0rusy50 ca | ||
| 101 | 0 | |a rus | |
| 102 | |a RU | ||
| 135 | |a argn ---uucaa | ||
| 181 | 0 | |a i | |
| 182 | 0 | |a b | |
| 200 | 1 | |a Моделирование термостимулированного газовыделения водорода из TI, ZR, PD, NI |d Modeling the Thermally Stimulated Evolution of Hydrogen from Ti, Zr, Pd, and Ni |f Чжан Хунжу, Н. Н. Никитенков, В. С. Сыпченко [и др.] | |
| 203 | |a Текст |c электронный | ||
| 300 | |a Заглавие с экрана | ||
| 320 | |a [Библиогр.: 23 назв.] | ||
| 330 | |a Экспериментально исследован термостимулированный выход водорода в режиме линейного нагрева (1°C/с) из плоскопараллельных пластинок металлов Ti, Zr, Ni и Pd различной толщины (0.05–1 мм) предварительно насыщенных водородом электролитическим методом. Рассмотрены аналитические и численные модели нестационарных процессов диффузионного выхода водорода из образцов с учетом диффузионных и десорбционных процессов. Предложены, разработаны и освоены программы для численного моделирования процессов термогазовыделения. | ||
| 333 | |a Режим доступа: по договору с организацией-держателем ресурса | ||
| 461 | |t Известия Российской академии наук. Серия физическая |l Bulletin of the Russian Academy of Sciences | ||
| 463 | |t Т. 86, № 5 |v [С. 644-649] |d 2022 | ||
| 510 | 1 | |a Modeling the Thermally Stimulated Evolution of Hydrogen from Ti, Zr, Pd, and Ni |z eng | |
| 610 | 1 | |a труды учёных ТПУ | |
| 610 | 1 | |a электронный ресурс | |
| 701 | 0 | |a Чжан Хунжу | |
| 701 | 1 | |a Никитенков |b Н. Н. |c российский физик |c профессор Томского политехнического университета, доктор физико-математических наук |f 1953- |g Николай Николаевич |3 (RuTPU)RU\TPU\pers\25364 | |
| 701 | 1 | |a Сыпченко |b В. С. |c физик |c доцент Томского политехнического университета, кандидат наук |f 1987- |g Владимир Сергеевич |3 (RuTPU)RU\TPU\pers\28216 |9 13170 | |
| 701 | 0 | |a Ма Сяоле | |
| 701 | 1 | |a Тюрин |b Ю. И. |c физик |c профессор Томского политехнического университета, доктор физико-математических наук |f 1950- |g Юрий Иванович |3 (RuTPU)RU\TPU\pers\19873 |9 7810 | |
| 712 | 0 | 2 | |a Национальный исследовательский Томский политехнический университет |b Инженерная школа ядерных технологий |b Отделение экспериментальной физики |3 (RuTPU)RU\TPU\col\23549 |
| 801 | 0 | |a RU |b 63413507 |c 20220621 |g RCR | |
| 856 | 4 | |u https://sciencejournals.ru/view-article/?j=izvfiz&y=2022&v=86&n=5&a=IzvFiz2205011Khunzhu | |
| 942 | |c CF | ||